000 00901nas a2200325 4500
001 BR0700830
003 BR-BrBNA
005 20231205110552.0
007 ta
008 230509b bl.|||p| |||| 00| 00por d
040 _aBR-BrBNA
_bpor
_cBiblioteca Nacional de Agricultura
041 _a(Pt)
072 _aQ04
100 1 _aDemiate, I.M.
100 1 _aLara, P.S.B. de
100 1 _aNogueira, A.
100 1 _aWosiacki, G.
245 1 _aPropriedades físicas, químicas e funcionais de amido de maçã
650 _aMAÇÃ
650 _aMANDIOCA
650 _aMILHO
650 _aAMIDO
650 _aPROPRIEDADE FÍSICO-QUÍMICA
650 _aSUCO DE FRUTA
650 _aTEMPERATURA
650 _aPROTEÍNA BRUTA
773 0 _tSemina (Brazil)
_xISSN 1676-546X
_g(Jul-Dec 2003), v. 24(2) p. 299-306
_wBR0700830
909 _a202311
_bLúcia
_c55
_dLúcia Elande
942 _2AGRIS
_n0
_cANA
999 _c187957
_d187957